| 000 | 00554nam a22002057a 4500 | ||
|---|---|---|---|
| 005 | 20170124110038.0 | ||
| 010 | _a381162 | ||
| 020 | _c00.00 | ||
| 035 | _a381162 | ||
| 037 | _bCen Lib/Ret | ||
| 040 |
_aDPL _bEN |
||
| 082 |
_a880.3 _bBRO |
||
| 100 |
_aBrowning, D.C. _923086 |
||
| 245 |
_aEveryman's english dictionary / _cby D. C. Browning |
||
| 260 |
_aLondon _bJ.M. Dent & Sons _c1942 |
||
| 270 | _bLondon | ||
| 300 |
_axvi, 706p. _c19cm(Hb) |
||
| 650 |
_aEnglish _vDictionaries _923087 |
||
| 942 |
_2ddc _cEN _h880.3 _mBRO |
||
| 999 |
_c128335 _d128335 |
||